| 000 | 00870nam a2200265Ia 4500 | ||
|---|---|---|---|
| 001 | 19553 | ||
| 003 | DO-CoUTE | ||
| 005 | 20260204212622.0 | ||
| 008 | 220104s9999 dr 000 0 spa d | ||
| 020 | _a978-958-771-286-5 | ||
| 040 |
_aDO-CoUTE _bspa _cDO-CoUTE |
||
| 041 | 0 | _aspa | |
| 082 | _a658.15 G984m | ||
| 100 | 1 | _aGutiérrez Carmona, Jairo | |
| 245 | 1 | 0 | _aModelos financieros con excel: herramientas para mejorar la toma de decisiones empresariales / Jairo Gutiérrez Carmona |
| 250 | _aTercera edición | ||
| 260 | _aBogotá, Colombia: Editorial ecoe | ||
| 300 | _a306 páginas | ||
| 490 | _aCiencias empresariales. Contabilidad y finanzas | ||
| 650 | 4 | _aExcel (programa para computador) | |
| 650 | 4 | _aGestión financiera-programas para computador | |
| 942 |
_2ddc _cBK |
||
| 999 |
_c21277 _d21277 |
||